Statistics for Famous Coasts of the World and History

Click here to take the quiz!

General Stats

  • This quiz has been taken 222 times
    (187 since last reset)
  • The average score is 5 of 14

Answer Stats

LocationHintCoast% Correct
Cote d'IvoireI{Ivory} Coast
97%
GhanaG{Gold} Coast
85%
Morocco, Algeria, Tunisia, and LibyaB{Barbary} Coast
60%
France and ItalyRRiviera
51%
Nigeria, Togo, and BeninS{Slave} Coast
44%
Nicaragua and HondurasM{Mosquito} Coast
26%
Northern NamibiaS{Skeleton} Coast
25%
Northern CaliforniaR{Redwood} Coast
20%
From Khasab to Bahrain in the Persian GulfP{Pirate} Coast
19%
Southwestern coast of IndiaM{Malabar} Coast
17%
Kenya, Tanzania, and Northern MozambiqueS{Swahili} Coast
16%
LiberiaP{Pepper} Coast
12%
Southeastern coast of IndiaC{Coromandel} Coast
10%
Kaliningrad OblastA{Amber} Coast
7%

Score Distribution

Percentile by Number Answered

Percent of People with Each Score

Your Score History

You have not taken this quiz since the last reset